000 00413nam a22001337a 4500
008 230629b xxu||||| |||| 00| 0 eng d
082 _a346.06
_bEAC
100 _cEast African Community
245 _aEast African Community
_b9th Meeting of the Council of Minister
_cReport of the Council
_h Annexes VII-XXXVI
260 _aArusha, Tanzania
_bEAC
_c2004
300 _aVarious Panging
440 _v2
942 _2ddc
_cBK
999 _c3084
_d3084